Prognózovanie budúcej finančnej situácie malých a stredných podnikov v SR s využitím neurónových sietí ako nástroj podpory rizikového financovania správa o výsledkoch projektu pre mladých vedeckých pracovníkov : obdobie riešenia projektu: 2016

Saved in:
Bibliographic Details
Main Author: Stanková, Adriana, 1990-
Corporate Author: Ekonomická univerzita v Bratislave
Other Authors: Domaracká, Denisa, Kuceková, Milada, Budinská, Lucia, 1990-, Sivák, Rudolf, 1955-, Paľo, Dominik
Format: Book
Language:Slovak
Published: Bratislava 2017
Subjects:
Tags: Add Tag
No Tags, Be the first to tag this record!

MARC

LEADER 00000nam a2200000 4500
001 0240875
005 20240502073924.5
041 0 |a slo 
044 |a SK 
245 1 0 |a Prognózovanie budúcej finančnej situácie malých a stredných podnikov v SR s využitím neurónových sietí ako nástroj podpory rizikového financovania  |b správa o výsledkoch projektu pre mladých vedeckých pracovníkov : obdobie riešenia projektu: 2016  |c zodpovedný riešiteľ: Adriana Stanková, spoluriešitelia: Denisa Domaracká, Milada Kuceková, Lucia Budinská ; oponenti: Rudolf Sivák, Dominik Paľo 
264 1 |a Bratislava  |c 2017 
300 |a 7 s.  |e 2 prílohy 
610 2 0 |a podnikanie malé 
610 2 0 |a podnikanie stredné 
610 2 0 |a situácia finančná podniku 
610 2 0 |a prognózovanie 
610 2 0 |a siete neurónové 
610 2 0 |a financovanie 
610 2 0 |a riziko finančné 
100 1 |a Stanková, Adriana, 1990- 
700 1 |a Domaracká, Denisa 
700 1 |a Kuceková, Milada 
700 1 |a Budinská, Lucia, 1990- 
700 1 |a Sivák, Rudolf, 1955- 
700 1 |a Paľo, Dominik 
710 2 |a Ekonomická univerzita v Bratislave